| 000 | 00412nam a2200145Ia 4500 | ||
|---|---|---|---|
| 008 | 211109s9999||||xx |||||||||||||| ||und|| | ||
| 082 |
_a824 _bDOB-P |
||
| 100 | _aDobson, Austin | ||
| 245 | 0 | _aPaladin of Philanthropy and Other Papers | |
| 260 |
_bUn Known _aThrikunnapuzha _c1923 |
||
| 300 | _a258p. | ||
| 630 | _xGeneral Stack | ||
| 650 |
_aEnglish literature _vliteratureEnglish Essays _xEnglish |
||
| 942 | _cBOOK | ||
| 999 |
_c4614 _d4614 |
||